000 nam a22 7a 4500
999 _c9289
_d9289
008 180125b ||||| |||| 00| 0 eng d
100 _aNCERT
_95546
245 _aMathematics-VI
260 _aNew Delhi
_bNCERT
_c2006